Educator in Computer Age/ (Record no. 187330)

MARC details
000 -LEADER
fixed length control field 00576nam a22001817a 4500
005 - DATE AND TIME OF LATEST TRANSACTION
control field 20220412150422.0
010 ## - LCCN (DPL NO)
LC control number ENG-132290
020 ## - INTERNATIONAL STANDARD BOOK NUMBER
International Standard Book Number 9788192426532
Terms of availability 595.00
035 ## - SYSTEM CONTROL NUMBER
System control number EN-115822
037 ## - SOURCE OF ACQUISITION
Source of stock number/acquisition DBAD/PUB
082 ## - DEWEY DECIMAL CLASSIFICATION NUMBER
Classification number 371.334
100 ## - MAIN ENTRY--PERSONAL NAME
Personal name Singh, U.K
245 ## - TITLE STATEMENT
Title Educator in Computer Age/
Statement of responsibility, etc U.K Singh
260 ## - PUBLICATION, DISTRIBUTION, ETC. (IMPRINT)
Place of publication, distribution, etc Delhi
Name of publisher, distributor, etc Gaurav Book Distributors
Date of publication, distribution, etc 2019
270 ## - ADDRESS
City Delhi
Address House no-45, Ground Floor, Shivaji Marg, Gali no-5, Kartar Nagar
Postal code 110053
300 ## - PHYSICAL DESCRIPTION
Extent vii,160p.
Dimensions 21.8cm(hbk)
Other physical details Index, Bibliography
942 ## - ADDED ENTRY ELEMENTS (KOHA)
Source of classification or shelving scheme Dewey Decimal Classification
Item type English Books
Call number suffix EDU
Classification part 371.334
Holdings
Withdrawn status Lost status Not for loan Collection code Home library Current library Date acquired Source of acquisition Cost, normal purchase price Full call number Barcode Copy number Cost, replacement price Koha item type
      Non-fiction Patel Nagar Patel Nagar 12/04/2022 DBAD/PUB 595.00 371.334 EDU EN-115822 1 595.00 English Books

© Delhi Public Library
Hit Counter
free hit counter